Statistiques concernant La Communauté de l'Anneau

Cliquez ici pour prendre le quiz!

Statistiques générales

  • Ce quiz a été pris 11 fois
  • Le résultat moyen est 7 sur 9

Statistiques - réponses

Membre de la CommunautéNom% Correct
Magicien puissantGandalf
100%
Le seul elfe de la confrérieLegolas
90%
Héritier du trône du GondorAragorn
80%
Porteur de l'AnneauFrodon
80%
Nain de caractèreGimli
80%
Un ami fidèle et courageuxSam
80%
Fils de l'Intendant du GondorBoromir
60%
Hobbit,écuyer du RohanMerry
60%
Hobbit, garde de la citadellePippin
60%

Distribution des résultats

Percentile par nombre de réponses

% des personnes avec chaque résultat

Votre développement - résultats

Vous n’avez pas pris ce quiz